000 00645nam a2200193 i 4500
001 182766
003 ES-MaACL
005 20250915063105.0
007 t|
008 131030s1991 sp ||||1| spa d
100 1 _aMartínez Val, José María,
_d1916-
_978455
245 1 3 _aLa nueva constitución de Colombia /
_cpor José María Martínez Val.
260 _aValencia :
_bRevista General de Derecho,
_c1991.
300 _aP.[8879]-8822 ;
_c24 cm.
500 _aSeparata de: Revista General de Derecho, 1991, nº. 565-66.
610 2 4 _aColombia.
_tConstitución, 1991.
_9153755
852 _aES-MaACL
_j2327-F-32
999 _c182766
_d182766